[Event "Dyfed Open"]
[Site "?"]
[Date "2018.02.17"]
[Round "3"]
[White "Turner, Matthew J"]
[Black "Heap, Gerry"]
[Result "1-0"]
[WhiteElo "2536"]
[BlackElo "2086"]
[Annotator "Rudy"]
[PlyCount "115"]
[EventDate "2018.??.??"]

1. Nf3 c5 2. g3 Nc6 3. Bg2 g6 4. d4 cxd4 5. Nxd4 Bg7 6. Nxc6 bxc6 7. O-O Rb8 8.
Nd2 Nf6 9. Nb3 O-O (9... Qc7 10. Bd2 d6 11. Ba5 Qd7 12. Bc3 O-O {main}) 10. Bf4
(10. Bd2 {a little more frequent}) 10... d6 $5 $146 {agreed by all Cloud
Engines to give Bl a slight advantage} (10... Ra8 11. Be5 Nh5 12. Bxg7 Nxg7 13.
c4 a5 {Yandemirov-Kokarev, Petroff mem op, St Petersburg 2000,1/2-1/2}) (10...
Rb7 11. Qc1 Re8 12. c4 d5 13. Rd1 Rb4 14. cxd5 cxd5 15. Qd2 a5 16. Be5 Qb6 17.
Qe1 {Stambulian-Smirnov, Astrakhan Major Cup 2000,1-0}) 11. Bxc6 Nh5 (11... a5
{Stockfish9}) 12. Bc1 a5 13. Bf3 a4 14. Nd4 Qc7 15. a3 Bd7 $14 (15... Bb7 $14)
16. c3 Rfc8 17. Re1 Nf6 18. Nc2 Bc6 (18... Ng4 19. Nb4 Qa7 20. Rf1 Ne5 21. Bg2
Nc4 22. e4 $14 {Stockfish9}) 19. Nb4 $16 Bxf3 (19... Bb5 20. e4 Nd7 21. Bf4 $16
{Stockfish9}) 20. exf3 Qd7 21. Be3 $16 h5 22. h4 (22. Kg2) 22... Rc4 (22... e6
$14) 23. Bg5 e6 24. Qd3 d5 25. Rad1 Rbc8 26. Kg2 Ne8 {both sides moving to
consolidate} 27. Qe2 Nd6 28. Nd3 R4c7 29. Bf4 (29. g4 $14 {Stockfish9}) 29...
Rb7 30. Ne5 (30. g4 $16) 30... Qb5 (30... Bxe5 31. Qxe5 Nc4 32. Qf6 Kh7 33. Qg5
Rh8 34. Be5 Rg8 35. Bf4 Rh8 $11 {Stockfish9; otherwise b2 falls}) 31. Nd3 (31.
Qxb5 Nxb5 32. Nd3 Bf8 33. Kf1 $14 {Stockfish9}) 31... Nf5 (31... Nc4 32. Nb4
$11 {Stockfish9}) 32. g4 (32. Be5 Bxe5 33. Qxe5 Qd7 34. Rh1 Nd6 35. Nb4 Nc4 36.
Qe2 Qb5 37. Qc2 Kg7 38. Rhe1 $14 {Stockfish9}) 32... hxg4 33. fxg4 Nxh4+ 34.
Kg3 g5 (34... Bf6 35. Be5 Be7 36. Bd4 Qc6 $11 {Stockfish9}) 35. Bxg5 Ng6 36. f4
d4 $11 37. cxd4 Bxd4 38. Nb4 e5 (38... Rc4 $11 {Stockfish9}) 39. f5 $18 Nf8 40.
Qg2 (40. Qh2 $18) (40. Qxb5 Rxb5 41. Rh1 $18 {both Stockfish9}) 40... Nh7 $16
41. Be3 Rc4 (41... Rd7) 42. Bxd4 (42. g5 $18 {Stockfish9}) 42... exd4 43. Rd2 (
43. Qh1 $18 {Stockfish9}) 43... d3 {best try} 44. Nxd3 Nf6 (44... Rd4 45. Ne5
Rxd2 46. Qxd2 Qxb2 47. Qxb2 Rxb2 48. Rc1 $16 {Stockfish9}) 45. Ne5 $18 Qb3+ 46.
Kh2 (46. Kh4 $1 $18) 46... Re7 $16 47. g5 (47. Rd3 $16) 47... Ng4+ (47... Rh4+
$1 {Stockfish9} 48. Kg1 Nd7 (48... Qb6+ 49. Qf2 Rg4+ 50. Kh2 Qxf2+ 51. Rxf2
Rxg5 52. Rg2 Rg7 53. Reg1 Rxg2+ 54. Rxg2+ Kf8 55. Nc4 $14) 49. Qa8+ Nf8 50. Qg2
Nd7 $11 51. Nf3 Rxe1+ 52. Nxe1 Qe3+ 53. Qf2 Qh3 54. Qf3 Rg4+ 55. Rg2 Rxg2+ 56.
Qxg2 Qxf5 57. Qa8+ Nf8 58. Qxa4 Qxg5+ $11 {Stockfish9}) 48. Nxg4 Rxe1 {Bl has
won the exchange, but Wh retains an initiative- if played exactly according to
the Engines} 49. Qa8+ (49. g6 $16) 49... Kg7 50. f6+ Kh7 $2 {the wrong K move!
( but its far from easy to calculate)} (50... Kg6 $1 51. Qg8+ Kf5 52. Qh7+ Ke6
(52... Kxg4 53. Rg2+ Kf4 $1 (53... Kf3 54. Qf5+ $18 (54. Qh5+ Ke3 55. Qh3+ Kd4
56. Qd7+ $11) 54... Ke3 55. Qh3+ (55. Qf2+ Ke4 56. Qxe1+ $18) 55... Kd4 $11)
54. Qh4+ Kf5 55. Qxe1 (55. Qh7+ Ke5 $19) 55... Qb8+ 56. Kg1 Qb6+ 57. Kh1 Qc6
58. Qf1+ Kg6 59. Qb1+ Qe4 60. Qxe4+ Rxe4 $11 {Stockfish9}) 53. Qh8 Rcc1 54.
Qe8+ Kf5 55. Nh6+ Kg6 56. Qg8+ Kh5 57. Qxf7+ Qxf7 58. Nxf7 Kg6 59. Nd8 Rh1+ 60.
Kg3 Rhg1+ 61. Kf3 Rxg5 62. f7 Rf5+ 63. Ke2 Rg1 $11 {Stockfish9}) 51. g6+ $18 {
in the variations above the g5 pawn gave extra cover for the Bl K} Kxg6 (51...
fxg6 52. Rd7+ Re7 53. Rxe7#) 52. Qg8+ Kf5 53. Nh6+ Kf4 54. Rf2+ Ke3 (54... Ke5
55. Qe8+ Kd6 56. Rd2+ Rd4 57. Qd8+ Kc6 58. Qxd4 $18 {Stockfish9}) 55. Nf5+ $1
Kd3 (55... Kxf2 56. Qg2#) 56. Qd8+ Ke4 57. Qe7+ Kd5 58. Qd6+ (58. Qd6+ Ke4 59.
Rf4#) 1-0

[Event "Dyfed Open"]
[Site "?"]
[Date "2018.02.17"]
[Round "3"]
[White "Jones, Iolo C"]
[Black "Musson, Adam J"]
[Result "0-1"]
[WhiteElo "2206"]
[BlackElo "2020"]
[Annotator "Rudy"]
[PlyCount "94"]
[EventDate "2018.??.??"]

1. c4 e5 2. g3 Nf6 3. Bg2 h6 (3... d5) (3... c6) (3... Nc6) (3... Bc5) 4. Nc3
Bb4 5. e3 (5. Nf3) (5. Nd5) (5. e4) 5... Bxc3 6. bxc3 O-O 7. d4 (7. e4) 7... d6
8. Ba3 $146 (8. Ne2 Nc6 9. O-O Bf5 10. c5 Qd7 11. cxd6 cxd6 12. Ba3 Rfd8 13. c4
Bh3 {Fargac-Richterova, Karvina op 2013,0-1}) (8. Nf3 Nbd7 9. Nd2 Rb8 10. O-O
Re8 11. Qa4 a6 12. Rb1 Nb6 13. Qc2 c6 14. Ba3 {Hoermann-Winterholler,
Nuremberg LGA cup 2012,1-0}) 8... Re8 (8... e4 $15) 9. Ne2 Nc6 10. O-O e4 $15
11. Nf4 Bg4 12. Qc2 (12. f3) 12... Na5 $17 13. Qa4 b6 14. Nd5 Be2 (14... Nh7
$19 {Stockfish9} 15. Bb4 Bd7 16. Qc2 Nxc4 17. Bxe4 Ng5 18. Bd3 Nd2 19. c4 Nxf1
20. Rxf1 c6 21. Nf4 c5 22. Bc3 cxd4 23. exd4 Nh3+ 24. Nxh3 Bxh3 25. Rd1 Qg5 $19
{Stockfish9}) (14... Bf3 $17) 15. Rfe1 Bxc4 (15... Bd3 $15) 16. Nxf6+ Qxf6 17.
Bb4 d5 (17... Bd3) 18. Bxa5 bxa5 19. Qxa5 Qb6 $11 20. Qa3 Reb8 (20... Rab8) 21.
Bf1 Qb2 (21... Bxf1 22. Rxf1) 22. Qe7 (22. Qc5 $14) 22... Bxa2 23. Qxc7 a5 $15
24. Rec1 (24. c4 Rc8 25. Qd7 dxc4 26. Bg2 Re8 27. Qg4 h5 28. Qxh5 c3 29. Qg4
Bd5 $17 {Stockfish9}) 24... a4 (24... Rc8) 25. c4 Rc8 (25... dxc4 $17) (25...
Bxc4 26. Bxc4 Rc8 27. Qe5 dxc4 28. Qxe4 c3 $17 {Stockfish9}) 26. Qd7 dxc4 27.
Qd5 Rab8 (27... Bb3 28. Qxe4 a3 $17 {Stockfish9}) 28. Bh3 Re8 (28... Rf8) 29.
Bf1 (29. Bd7 Red8 30. Qa5 c3 (30... Rxd7 31. Qxa4 $11) 31. Bc6 c2 32. Bxe4 Bb1
$17 {Stockfish9}) 29... Rec8 (29... a3 $19) (29... Re6 $19) 30. Bh3 Rd8 31.
Qxe4 a3 32. Qc6 Rb6 (32... Bb1 $1 $19 {Stockfish9}) 33. Qc5 Rdb8 (33... Rf6 $19
) 34. Bf1 Rf6 $19 35. f4 Qd2 36. Re1 (36. Qxa3 Rb2 37. Qa8+ Kh7 38. Qe4+ g6 39.
Bg2 Re6 40. Qf3 c3 $19 (40... Rxe3 $19 {Stockfish9})) 36... Rb1 37. Rexb1 Qxe3+
38. Kh1 Bxb1 39. Qxa3 (39. Rxb1 Qe4+ 40. Kg1 Qxb1 41. Qxa3 Qe1 $19 {Stockfish9}
) 39... Be4+ (39... Qe4+ $1 {even stronger} 40. Kg1 (40. Bg2 Qe1+ 41. Bf1 Qxf1#
) 40... Qxd4+ 41. Kg2 Be4+ 42. Kh3 Bf5+ 43. Kg2 Rb6 $19 {Stockfish9}) 40. Bg2
Qxd4 (40... c3 $1) 41. Bxe4 Qxe4+ 42. Kg1 Qd4+ 43. Kh1 Rb6 44. Qa8+ Kh7 45. Re1
Rb2 46. Qe4+ Qxe4+ 47. Rxe4 c3 0-1

[Event "Dyfed Open"]
[Site "?"]
[Date "2018.02.17"]
[Round "3"]
[White "French, Max"]
[Black "Waddington, Mike P"]
[Result "0-1"]
[WhiteElo "1997"]
[BlackElo "2086"]
[Annotator "Rudy"]
[PlyCount "62"]
[EventDate "2018.??.??"]

1. d4 f5 2. c4 Nf6 3. Nf3 g6 4. g3 Bg7 5. Bg2 O-O 6. O-O d6 7. Nc3 c6 8. Qb3 (
8. d5) (8. b3) (8. Qc2 {main lines}) 8... Ne4 (8... Kh8) (8... Na6 {main lines}
) 9. Rd1 Nxc3 10. bxc3 Nd7 (10... Kh8 11. c5 dxc5 12. Ng5 Qe8 13. d5 e5 14.
dxe6 h6 15. Nf7+ Kh7 16. Nd6 Qxe6 17. Qxe6 Bxe6 18. Nxb7 Na6 19. Be3 {
Piesina-Szabolcsi, HUN ch op, Eger 1987,1-0}) (10... Qc7 11. Bb2 Nd7 12. d5 c5
13. e4 fxe4 14. Ng5 Ne5 15. Nxe4 Bf5 16. Bc1 Bg4 17. Ng5 Rab8 18. Ne6 Bxe6 19.
dxe6 Nf3+ 20. Kh1 {Morales Quezada-Lind, Dos Hermanas blitz 2004,1-0}) (10...
Qb6 {Cloud Engines}) 11. e4 (11. Ng5 Nf6 12. e4 fxe4 13. Nxe4 Nxe4 14. Bxe4 Qc7
15. Rb1 Kh8 {Kormos-Medvegy, HUN ch tm Erkel 2010,1-0}) (11. c5+ d5 12. Bf4 $16
{Cloud Engines}) 11... fxe4 12. Ng5 Nf6 13. Nxe4 Qc7 (13... Nxe4 {Cloud
Engines, incl Houdini1.5 & Fritz15 from players}) 14. Bf4 (14. c5+ Kh8 15. Ng5
$14 {Cloud Engines}) 14... Nxe4 15. Bxe4 Be6 16. d5 {Stockfish9} cxd5 17. Bxd5
Bxd5 (17... Bf7 {Cloud Engines}) 18. Rxd5 Rxf4 $5 (18... b6 19. c5 Rf7 {Cloud
Engines} 20. cxd6 exd6 21. Rc1 Rc8 22. c4 Be5 23. Be3 $14 {Stockfish9}) 19.
gxf4 $16 e6 (19... Qd7 20. Rd3 Kh8 21. Re1 $16 {Stockfish9}) 20. Rb5 (20. Rd3 {
Cloud Engines}) 20... b6 21. a4 (21. Re1 $16 {Cloud Engines}) 21... Rf8 $11 22.
f5 gxf5 23. a5 Rf6 24. axb6 Rg6+ 25. Kf1 (25. Kh1 Qb7+ $19) 25... Qb7 $11 26.
Qb1 axb6 27. Rxb6 Qg2+ 28. Ke2 Qg4+ 29. Kd2 Qf4+ 30. Kc2 $2 (30. Ke2 Qg4+ $11)
30... Qxf2+ 31. Kb3 (31. Kd3 Qf3+ 32. Kc2 Qxc3+ 33. Kd1 Rg1+ 34. Ke2 Rg2+ 35.
Kf1 Qf3+ 36. Ke1 Bc3#) 31... Qxb6+ 0-1

[Event "Dyfed Open"]
[Site "?"]
[Date "2018.02.17"]
[Round "3"]
[White "Young, Alan"]
[Black "Zeidler, Sven P."]
[Result "1-0"]
[WhiteElo "2036"]
[BlackElo "2165"]
[Annotator "Rudy"]
[PlyCount "57"]
[EventDate "2018.??.??"]

1. e4 d5 2. exd5 Qxd5 3. Nc3 Qd8 (3... Qd6 {has been more usual for Bl in the
past}) 4. d4 (4. Bc4 Nf6 5. d4 c6 6. Nf3 Bf5 7. O-O e6 {Heaven-Zeidler, West
Wales op 2017,0-1}) 4... Nf6 5. Nf3 Bg4 6. h3 {main} (6. Be2 e6 7. O-O (7. h3
Bh5 8. O-O c6 9. Re1 Be7 10. Bf4 O-O 11. Bh2 Nbd7 {Kilpatrick-Zeidler, 4NCL
2018,1/2-1/2; a long ending where Bl had to defend with N vs R}) 7... Be7 8.
Be3 {Jukes-Zeidler, Rd1, 1/2-1/2}) 6... Bxf3 7. Qxf3 c6 8. Be3 e6 {the
position resembles a Caro-Kann} 9. O-O-O (9. Bd3) 9... Nbd7 (9... Bb4 10. Ne4
Nxe4 11. Qxe4 Qd5 12. Qxd5 cxd5 13. c4 {69% for Wh}) 10. g4 {67% Wh} (10. Kb1 {
71% Wh}) 10... Nb6 (10... Nd5 11. Nxd5 cxd5 {2 draws, 1 Wh win}) 11. Rg1 $146 {
Stockfish8} (11. Ne4 Nxe4 12. Qxe4 Qd5 13. Qxd5 Nxd5 14. c4 Nxe3 15. fxe3 Be7
16. Bg2 h5 {Otgonsuvd-Anu, MGL ch women, Uliastai 2016, 1/.2-1/2}) (11. g5 $16
{Stockfish9} Nfd5 12. Ne4 Nxe3 13. fxe3 Be7 14. h4 Qd5 15. Kb1 Qf5 16. Qg2 Qa5
17. Qf2 Qf5 {Ivic-Piskur, Zadar op 2017,1/2-1/2}) 11... Nbd5 (11... Nfd5 {
Stockfish8 & Fritz13}) 12. g5 Nd7 13. Nxd5 cxd5 14. Kb1 $16 Rc8 15. h4 Qa5 (
15... Be7 16. Bd3 a6 17. h5 g6 18. Rde1 $16 {Stockfish9}) 16. h5 $18 Rc6 17.
Rd3 (17. Bd3 $18) (17. Bd2 $18) 17... Be7 (17... b5 $5) 18. Bd2 Qc7 19. Rb3 O-O
(19... Rxc2 20. Bc3 $18) 20. Bb5 $18 (20. Bd3 $18 {the Bl Q side pieces are
not much use in defence of their K}) 20... Nb6 (20... Rxc2 21. Bc3 Rxc3 22.
Rxc3 Qd6 23. Qg4 $18 {Stockfish9}) 21. Bxc6 (21. Bf4) 21... Nc4 22. Bc1 bxc6 (
22... Qxc6) 23. Qg4 a5 24. g6 fxg6 25. hxg6 Bf6 26. Qxe6+ Kh8 27. Rh1 (27. Rh3
{mates quicker, Stockfish9}) 27... h6 28. Bxh6 gxh6 29. Rxh6+ 1-0

[Event "Dyfed Open"]
[Site "?"]
[Date "2018.02.17"]
[Round "3"]
[White "James, David J"]
[Black "May, Adam J"]
[Result "1/2-1/2"]
[WhiteElo "2119"]
[BlackElo "1951"]
[Annotator "Rudy"]
[PlyCount "37"]
[EventDate "2018.??.??"]

1. d4 d5 2. Nf3 Nf6 3. c4 e6 4. Nc3 Be7 5. Bg5 Nbd7 6. e3 h6 7. Bh4 O-O 8. Bd3
(8. Rc1) 8... c5 (8... dxc4) (8... b6) 9. cxd5 Nxd5 10. Bxe7 Nxe7 11. O-O cxd4
12. Nxd4 Nf6 13. Rc1 (13. Qe2) 13... a6 (13... Bd7) (13... e5) 14. Ne4 Nfd5 (
14... Ned5 15. Nxf6+ Nxf6 16. Qc2 Nd5 17. a3 Bd7 18. Qb3 {Snajder-Filipi,
Klatovy op 2000, draw agreed}) 15. Bb1 e5 (15... Qb6 16. Nd2 Qxb2 17. Nc4 Qb4
18. Qd3 Nf6 19. e4 $14 {Houdini4 & Stockfish9}) 16. Nf3 Bg4 17. h3 (17. Ng3 $14
{both Engines}) 17... Bxf3 18. Qxf3 Qb6 19. Qe2 $11 {(draw?)} (19. Nc3 Nf6 20.
Ne4 Ned5 21. Bc2 $11 {both Engines}) 1/2-1/2

[Event "Dyfed Open"]
[Site "?"]
[Date "2018.02.17"]
[Round "3"]
[White "May, Frank"]
[Black "Moore, Robert"]
[Result "1/2-1/2"]
[WhiteElo "2096"]
[BlackElo "1840"]
[Annotator "Rudy"]
[PlyCount "80"]
[EventDate "2018.??.??"]

1. Nf3 d5 2. g3 Nf6 3. Bg2 g6 4. b3 Bg7 5. Bb2 O-O 6. O-O c6 7. c4 Nh5 {rare} (
7... Nbd7) (7... Bg4) (7... a5) (7... Re8) 8. Bxg7 Nxg7 (8... Kxg7 9. Qc2 Kg8
10. cxd5 Qxd5 11. Nc3 Qa5 12. a3 a6 13. b4 Qb6 14. Na4 Qd8 15. d4 Bg4 16. Rfd1
{Tokovic-Dankovic, Vojvodina ch tm, Vrbas 2011,1-0}) 9. d4 Nd7 (9... f6 10. Nc3
e6 11. e4 Na6 12. a3 Nc7 13. Re1 b5 {Ashlock-McKenzie,Victoria op, Box Hill
2004,1-0}) 10. cxd5 (10. Nbd2 f5 11. e3 e6 12. Qc2 Qf6 13. Rac1 Ne8 {
Bruckner-Igel, Trebitsch mem, Vienna 1936, 1-0}) (10. Nc3 Nf6 11. Ne5 Bf5 12.
f3 Nd7 13. cxd5 Nxe5 14. dxe5 Qb6+ 15. Kh1 Rad8 16. e4 Bc8 17. Qe2 {De
Rover-Veerman, Haarlem AKN op 1995,1-0}) 10... cxd5 11. Nc3 e6 (11... Nf6 12.
Ne5 Bf5 13. f3 Rc8 14. Rc1 Qa5 15. Qd2 Rc7 16. Qb2 Rfc8 17. b4 Qa6 18. g4 Be6
19. Nd3 Qc4 20. Nd1 {Bangiev-Ubilava, Sevastopol 1973,1-0}) 12. Rc1 $14 b6 13.
Qd2 (13. e4 $5) 13... Ba6 14. Rfd1 Rc8 15. Ne1 Nf5 16. f3 Qf6 (16... Qe7 17. e4
dxe4 18. fxe4 Nd6 $11 {Stockfish9}) 17. e4 dxe4 18. fxe4 Ng7 19. Nf3 (19. b4
Bc4 20. e5 Qe7 21. Ne4 Bd5 22. Nd6 Rxc1 23. Rxc1 f6 24. Rc7 Bxg2 25. Nxg2 fxe5
26. dxe5 Nxe5 27. Rxe7 Nf3+ 28. Kf1 Nxd2+ 29. Ke2 Nb1 30. Rxa7 Nc3+ 31. Kd3
Nxa2 32. Rxa2 Rd8 33. Ke4 Rxd6 $11 {Stockfish9}) 19... Rfd8 20. Qe3 Qe7 21. e5
(21. Bf1) 21... Nf5 22. Qf4 Qb4 23. Ne4 (23. g4 Rxc3 24. gxf5 Rxc1 25. Rxc1
exf5 26. e6 fxe6 27. Rc7 Qe7 28. Rxa7 Bb5 $11 {Stockfish9}) 23... Be2 24. Rxc8
Rxc8 25. Qd2 Qxd2 26. Rxd2 Bxf3 27. Bxf3 Kg7 $11 28. g4 Ne7 29. Nd6 Rc1+ 30.
Kf2 Nd5 (30... h6 $11 {Stockfish9}) 31. g5 (31. Bxd5 exd5 32. Rd3 Rc2+ 33. Kg3
Kg8 34. a4 Nf8 35. Ne8 Nd7 36. g5 $16 {Stockfish9}) 31... Nb8 (31... Ne7 $11)
32. Bxd5 exd5 33. Kg2 (33. Ne8+ Kf8 34. Nf6 Nc6 35. Nxd5 $18 {Stockfish9})
33... Nc6 $11 34. Rf2 (34. Ne8+ Kf8 35. Nf6 Nb4 $11) 34... Nd8 35. Ne8+ Kf8 36.
Nf6 Ne6 37. Rd2 Nxg5 38. Nxd5 Ne4 39. Re2 Nc3 40. Nxc3 Rxc3 $11 1/2-1/2

[Event "Dyfed Open"]
[Site "?"]
[Date "2018.02.17"]
[Round "3"]
[White "Taylor, Robert Graham"]
[Black "Rayner, Francis"]
[Result "0-1"]
[WhiteElo "1906"]
[BlackElo "2043"]
[Annotator "Rudy"]
[PlyCount "86"]
[EventDate "2018.??.??"]

1. b3 e5 2. Bb2 Nc6 3. d3 (3. e3 d5 4. Bb5 {more usual}) 3... d5 4. Nd2 Be6
$146 {unusual this early} (4... Nf6 {main}) 5. Ngf3 f6 {though this position
has been examined by Cloud Engines in previous years. Bl is playing a kind of
reversed Samisch} 6. e3 {while Wh is playing a kind of reversed Hippopotamous}
Qd7 7. Be2 Nge7 (7... g5 $15 {Deep Rybka 4 & Stockfish9}) 8. c3 g5 9. b4 Ng6 (
9... g4 10. Nh4 Ng6 11. Nxg6 hxg6 12. Nb3 b6 $15 {Stockfish9}) 10. Nb3 $11 b6
11. b5 Nd8 12. d4 Nf7 13. a4 (13. O-O $11) 13... Be7 14. h4 (14. Rc1 $11) (14.
O-O $11) 14... e4 $17 15. h5 Nf4 (15... exf3 16. hxg6 fxe2 17. gxf7+ Kxf7 18.
Qxe2 h5 $17 {Stockfish9}) 16. exf4 exf3 17. Bxf3 g4 (17... O-O-O) 18. Be2 Nd6
19. g3 O-O 20. Nd2 Rae8 (20... f5 21. Qb3 Rf7 22. Bd3 $14 {Stockfish9}) 21. O-O
(21. Nf1 $16 Nc4 22. Bxc4 dxc4 23. Kd2 Bd5 24. Ne3 Bxh1 25. Qxh1 f5 26. Nxc4
Bd6 27. Qd5+ Qf7 28. Qxf7+ Kxf7 29. a5 Re6 30. axb6 axb6 31. Ra7 Re7 32. Kd3
$16 {Stockfish9; the Bl Rs have no entry & Wh will swap Bs, & then have a
powerful centralised N}) 21... f5 22. f3 (22. Qb3 Bf7 23. Rfe1 Ne4 24. Nxe4
fxe4 25. h6 Be6 26. Kg2 $16 {Stockfish9}) 22... Rf6 23. Rc1 (23. Rf2 Bf8 24.
Rh2 Rh6 25. Bc1 $14 {Stockfish9}) 23... Rh6 24. c4 Rxh5 25. cxd5 (25. c5 Nc4
26. Nxc4 dxc4 27. cxb6 cxb6 28. fxg4 Rh3 29. g5 Bd5 30. Rf3 (30. Bf3 Rxg3+ 31.
Kh2 Rxf3 32. Rxf3 Bd6 $19) 30... Bxf3 31. Bxf3 Rxg3+ 32. Kh2 Rxf3 33. Qxf3 Bd6
34. Rxc4 Qe6 35. Rc2 Qe4 36. Qxe4 Rxe4 37. Bc1 Rxd4 38. Rc8+ Kf7 39. Kg3 Rxa4
40. Rh8 Kg7 41. Rd8 Ba3 42. Bxa3 Rxa3+ 43. Kh4 $11 {Stockfish9}) 25... Bxd5 $19
26. Nc4 Rh3 27. Ne5 Qe6 (27... Rxg3+ 28. Kf2 Bh4 29. Ke3 Qe6 $19 {Stockfish9})
28. fxg4 (28. Kg2 Kh8 29. Rc3 Rg8 30. Qe1 Qh6 31. Rh1 Qh5 $19 {Stockfish9})
28... Rxg3+ 29. Kf2 Bh4 (29... Ne4+ 30. Ke1 Bb4+ $19 {quickest- Stockfish9})
30. Rg1 Rd3+ (30... Rf3+ 31. Kg2 Rf2+ 32. Kh3 Bg3 33. g5 (33. Kxg3 Ne4+ 34. Kh4
Qh6#) 33... Bxf4 {leads to mate-Stockfish9}) 31. Kf1 Rxd1+ 32. Rxd1 Kh8 (32...
Qe7) 33. g5 Ne4 (33... Nc4) 34. g6 Ng3+ 35. Ke1 Nxe2+ 36. Kxe2 hxg6 37. Kd2 g5
38. fxg5 Kg7 39. Rc1 Qd6 40. Bc3 Be4 41. g6 Rxe5 42. Ke2 Re8 43. Bb2 Qh2+ 0-1

[Event "Dyfed Open"]
[Site "?"]
[Date "2018.02.17"]
[Round "3"]
[White "Thomas, Roy"]
[Black "Williams, A. Howard"]
[Result "0-1"]
[WhiteElo "1706"]
[BlackElo "2274"]
[Annotator "Rudy"]
[PlyCount "56"]
[EventDate "2018.??.??"]

1. f4 d5 2. e3 g6 3. Nf3 Bg7 4. d4 Nf6 5. c4 c5 (5... O-O) (5... c6) 6. Nc3 O-O
7. Be2 (7. dxc5) (7. cxd5) 7... Nc6 8. O-O cxd4 9. Nxd4 (9. exd4 {0-4}) 9...
Nxd4 10. Qxd4 (10. exd4 $17 dxc4 11. Bxc4 Bg4 12. Be2 Bxe2 13. Nxe2 Qd5 14. Nc3
Qd7 15. Qf3 Rfd8 16. h3 Nd5 17. Qxd5 Bxd4+ 18. Kh1 Qxd5 19. Nxd5 Rxd5 {
Andreassen-Lois, FICGS rapid 2010,0-1}) 10... Be6 $17 11. Qc5 dxc4 12. Rd1 (12.
Bf3 Nd7 13. Qa3 Qb6 14. f5 gxf5 15. Qxe7 Bf6 16. Qa3 Rad8 17. Bd2 Ne5 18. Na4
Qa6 19. Bb4 Rd3 {Chicco-Marcotulli, SEMI email 2001,0-1}) 12... Nd7 13. Qb4 Qb6
(13... Qc7) 14. Qxe7 (14. Qxb6 Nxb6 15. Bd2 Rfd8 $17 {Komodo11}) 14... Rfe8 (
14... Nc5) 15. Qh4 (15. Qd6 Qxd6 16. Rxd6 Nc5 $17 {Komodo11}) 15... Nf6 (15...
Nc5) 16. Kf1 (16. Kh1 {a little better}) 16... Rad8 17. e4 (17. Rxd8 Qxd8 (
17... Rxd8 18. e4 Ne8 19. g4 $11) 18. e4 Qd4 19. Qf2 Ng4 20. Qxd4 Bxd4 21. h3
Ne3+ 22. Bxe3 Bxe3 23. f5 gxf5 24. exf5 Bxf5 25. Bxc4 Rc8 26. Nd5 Bg5 $15 {
Komodo11}) 17... Rxd1+ 18. Bxd1 Qd4 $17 (18... Nxe4 $1 $19 19. Nxe4 Bf5 20. Nf2
Bf6 21. Qh6 Qb4 22. Be2 Bd3 23. Be3 Bxe2+ $1 (23... Rxe3) 24. Kxe2 Qxb2+ 25.
Kf1 (25. Kf3 Rxe3+ $1) 25... Qxa1+ 26. Ke2 Qb2+ 27. Kf1 Rxe3 {mating, Komodo11}
) 19. e5 Nd5 20. Nb5 $2 (20. Qf2 Qxf2+ 21. Kxf2 f6 22. exf6 Bxf6 23. Bd2 Nb4
24. Be2 Rd8 25. Rd1 Nd3+ 26. Bxd3 cxd3 $17 {Komodo11}) 20... Qxd1+ 21. Qe1 (21.
Kf2 Nb4) 21... Qxe1+ 22. Kxe1 Bf8 (22... f6) 23. a3 f6 24. Nd4 fxe5 25. fxe5
Bc5 (25... Bg7) 26. Nf3 Bg4 27. Bh6 Bxf3 28. gxf3 Rxe5+ 0-1

[Event "Dyfed Open"]
[Site "?"]
[Date "2018.02.17"]
[Round "3"]
[White "Di-Vetta, Andrew"]
[Black "Brown, Thomas"]
[Result "1/2-1/2"]
[WhiteElo "1665"]
[BlackElo "2085"]
[Annotator "Rudy"]
[PlyCount "64"]
[EventDate "2018.??.??"]

1. Nf3 g6 2. g3 c5 3. Bg2 Bg7 4. c4 Nc6 5. O-O e6 6. Nc3 Nge7 7. e3 (7. d3) (7.
a3) 7... O-O 8. d3 (8. d4 {more forceful, 47% for Wh}) 8... d5 {27% for Wh} 9.
Rb1 (9. cxd5 Nxd5 10. Nxd5 exd5 11. d4) 9... b6 10. a3 Bb7 11. Qc2 Qd7 12. b3 (
12. Bd2 d4 13. Ne2 dxe3 14. fxe3 Rad8 15. Nc1 e5 {Isaev-Askarov, RUS ch U14,
Smolensk 2001,0-1}) 12... Rfd8 (12... Rad8 13. Rd1 d4 14. Ne2 e5 (14... dxe3
$15) 15. exd4 cxd4 16. b4 f5 17. b5 Nb8 18. a4 Rc8 19. Qb3 Kh8 20. Ba3 $11 {
Rosell-Eriksson,Helsingor Xtracon op 2016,1-0}) 13. Bb2 (13. cxd5 Nxd5 14. Nxd5
Qxd5 15. Rd1 Ne5 16. Ne1 Qd7 17. Bxb7 Qxb7 18. Qe2 $11 {Komodo11}) 13... d4 $15
14. exd4 Nxd4 15. Nxd4 Bxg2 16. Kxg2 Bxd4 17. Rbd1 Kg7 (17... Qb7+ 18. f3 Nf5
19. Bc1 Bg7 $17 {Komodo11}) 18. Ne4 Nc6 19. Bc1 Qb7 20. f3 Ne7 (20... f5 21.
Nc3 Bf6 22. Ne2 Rd7 $15) 21. Rfe1 $11 (21. Qe2 $11) 21... h6 22. Nf2 (22. b4
$11) (22. Qe2 $11) 22... Bxf2 (22... Nf5 $15) 23. Kxf2 (23. Qxf2) 23... Nf5 24.
Bb2+ Nd4 (24... Kh7 25. Re4 Nd6 26. Ree1 Nf5 27. Re4 $11 {Komodo11}) 25. Bxd4+
(25. Re4 Qe7 26. Rde1 Qf6 27. Rf4 Qe7 28. Qe2 Rd7 29. Bxd4+ cxd4 30. Qe5+ Kh7
31. Rxd4 Rxd4 32. Qxd4 Qxa3 33. Qc3 $11 {Komodo11}) 25... Rxd4 $15 26. Qe2 (26.
Re4 Rad8 27. Qc3 Kh7 28. Rd2 $15 {Komodo11}) 26... Re8 (26... Rad8) 27. b4 Qe7
28. Qb2 f6 (28... e5) 29. Re4 Rd6 (29... Red8 $15) (29... e5 $15) 30. d4 $11
cxd4 31. Rexd4 Red8 32. R1d3 Rxd4 {(draw?) Perhaps Wh could get some winning
chances by an advance of the c pawn?} 1/2-1/2